00370nam a22001097a 4500020000800000040001600008082001300024100002700037245011800064260003900182300003900221 qHB. cFIZZA ISHAQ a690bFRE aUhlen Hop, Frederick. aResidential Remodeling and Renovation: Completing the Exterior and Interior of Your Home /c Frederick Uhlen Hop. aNew Jersey:bPrentice Hall,c1988. a228 P. ;c7.5 x 0.75 x 9.75 inches